| 000 | 00756nam a2200193 a 4500 | ||
|---|---|---|---|
| 001 | 000034482 | ||
| 005 | 20200930073726.0 | ||
| 008 | 111005s2009 mx a 000 0 spa d | ||
| 020 | _a9786079513825 | ||
| 040 |
_aDO-SdBNP _bspa _cBNPHU |
||
| 082 |
_axxx _bA581e |
||
| 100 | 1 |
_aÁngel Mobarak, Gustavo A. del _959922 |
|
| 245 | 1 | 3 |
_aLa expropiación de la banca en México : _bun ensayo de economía política / _cGustavo A. del Ángel Mobarat, César Martinelli Montoya. |
| 260 |
_aMéxico : _bCentro de Estudios Espinosa Yglesias, _c2009. |
||
| 300 |
_a159 p. : _bil. ; _c24 cm. |
||
| 500 | _aIncluye datos biográficos del autor en la solapa de la cubierta | ||
| 500 | _aIncluye notas al pie de las páginas | ||
| 700 | 1 |
_aMartinelli Montoya, César _959923 |
|
| 999 |
_c33973 _d33973 |
||